000 00473nam a22001695i 4500
001 53243
003 ES-MaACL
005 20230906162730.0
007 t|
008 950911s1900 fr ||||1| fre d
040 _aCAM
_bspa
_cCAM
100 1 _aDuprat, G. L.
_946114
245 1 4 _aLes causes sociales de la folie /
_cpar G.L. Duprat.
260 _aParis :
_bFélix Alcan,
_c1900 (
_eChartres :
_fDurand)
300 _a[6], 202 p. ;
_c18 cm.
852 _aES-MaACL
_jF-11976
999 _c53243
_d53243